00619 2200193 4500001002100000005001500021035002000036007000300056008004100059020001800100082001400118084002000132100002200152245015300174260003400327300001700361650001800378856002900396INLIS00000000000000220230907025119 a0010-1222000001ta230907 0  a979-497-015-8 a634.65/66 a634.65/66 MOE r0 aMoehd. Bage Kalie1 aRambutan Varietas Unggul :bPedoman lengkap sejak penetuan lokasim perbanyakan, perawatan, pengendalian hama penyakit, humgga penamganan pasca panen aYogyakarta :bKanisius,c1994 a122 ;c21 cm 4aseri budidaya aperpustakaan bptp sumbar